000
00304nam a22001337a 4500
008
170524b xxu||||| |||| 00| 0 eng d
020
_a
9780073404554
041
_a
eng
080
_a
621.3
100
_a
26
101
_a
im
245
_a
MODERN POWER SUSTEM ANALYSIS
_c
KOTHARI .DP
942
_2
udc
_c
BK
999
_c
14181
_d
14181